LIBRARY & INFORMATION CENTRE, KCAET, TAVANUR

ONLINE PUBLIC ACCESS CATALOGUE (OPAC)

Four plays and the aran islands / (Record no. 5848)

MARC details
000 -LEADER
fixed length control field 00457cam a2200169ua 4500
041 ## - LANGUAGE CODE
Language code of text/sound track or separate title eng
082 ## - DEWEY DECIMAL CLASSIFICATION NUMBER
Classification number 822
Item number SYN/FO
100 ## - MAIN ENTRY--AUTHOR NAME
Personal name Synge, J M .
245 ## - TITLE STATEMENT
Title Four plays and the aran islands /
260 ## - PUBLICATION, DISTRIBUTION, ETC. (IMPRINT)
Place of publication London :
Name of publisher Oxford University Press ,
Year of publication 1962.
300 ## - PHYSICAL DESCRIPTION
Number of Pages 327 ; .
490 0# - SERIES STATEMENT
Series statement The World`s Classics,
Volume number/sequential designation 585
942 ## - ADDED ENTRY ELEMENTS (KOHA)
Koha item type Books
Holdings
Withdrawn status Lost status Damaged status Home library Current library Date acquired Full call number Accession Number Koha item type
Withdrawn     KAUAET Sanskrit University 07/04/2012 822 5046 Books
free website counter